श्रेष्ठ कहानियां / (Record no. 71865)

MARC details
000 -LEADER
fixed length control field 01150nam a22002897a 4500
005 - DATE AND TIME OF LATEST TRANSACTION
control field 20121205115313.0
008 - FIXED-LENGTH DATA ELEMENTS--GENERAL INFORMATION
fixed length control field 090408t xxu||||| |||| 00| 0 hin d
010 ## - LCCN (DPL NO)
LC control number HIN-97575
020 ## - INTERNATIONAL STANDARD BOOK NUMBER
Terms of availability 150.00
International Standard Book Number 9788192020006
035 ## - SYSTEM CONTROL NUMBER
System control number HN-69921
037 ## - SOURCE OF ACQUISITION
Source of stock number/acquisition DBAD / PUB
040 ## - CATALOGING SOURCE
Original cataloging agency DPL
Language of cataloging HN
082 ## - DEWEY DECIMAL CLASSIFICATION NUMBER
Classification number
100 ## - MAIN ENTRY--PERSONAL NAME
9 (RLIN) 27482
Personal name प्रेमचन्द
245 ## - TITLE STATEMENT
Title श्रेष्ठ कहानियां /
Statement of responsibility, etc प्रेमचन्द
246 ## - VARYING FORM OF TITLE
Title proper/short title Serestha Kahaniyan
Remainder of title by Premchand
260 ## - PUBLICATION, DISTRIBUTION, ETC. (IMPRINT)
Name of publisher, distributor, etc युव प्रकाशनी
Date of publication, distribution, etc 2010
Place of publication, distribution, etc कोलकाता
270 ## - ADDRESS
Address 206, विधान सरणी, श्रीमानी बाजार
City कोलकाता
Postal code 700006
300 1# - PHYSICAL DESCRIPTION
Extent 169पृ.
Dimensions 22सेमी (सजिल्द)
650 ## - SUBJECT ADDED ENTRY--TOPICAL TERM
9 (RLIN) 1169
Topical term or geographic name as entry element लघु कथाएँ, हिन्दी
650 ## - SUBJECT ADDED ENTRY--TOPICAL TERM
9 (RLIN) 54059
Topical term or geographic name as entry element Short Stories
700 ## - ADDED ENTRY--PERSONAL NAME
9 (RLIN) 27483
710 ## - ADDED ENTRY--CORPORATE NAME
9 (RLIN) 52094
711 ## - ADDED ENTRY--MEETING NAME
9 (RLIN) 52444
942 ## - ADDED ENTRY ELEMENTS (KOHA)
Institution code [OBSOLETE] dpl
Item type Hindi Books
Source of classification or shelving scheme Dewey Decimal Classification
Call number suffix प्रेमच
Classification part
Holdings
Withdrawn status Lost status Source of classification or shelving scheme Damaged status Not for loan Collection code Home library Current library Date acquired Source of acquisition Cost, normal purchase price Total Checkouts Full call number Barcode Date last seen Copy number Cost, replacement price Koha item type
    Dewey Decimal Classification   Not For Loan Fiction D.B.Act.Division D.B.Act.Division 05/12/2012 DBAD / PUB 150.00   क प्रेमच HN-69921 05/12/2012 1 150.00 Hindi Books

© Delhi Public Library
Hit Counter
free hit counter